MARC

LEADER 00000nas a2200000 a 4500
001 ssj0012515
003 WaSeSS
005 20200512172242.0
006 m d
007 cr n
008 030129c19729999mduar ss 0 a0eng c
010 |a  2003212057 
016 7 |a 2067366 8  |2 DE-600 
022 |a 1543-3374  |y 0092-8208 
035 |a (WaSeSS)ssj0012515 
037 |b The Johns Hopkins University Press, 2715 N. Charles St., Baltimore, MD 21218-4363 
040 |a NSD  |b eng  |c NSD  |d MUQ  |d OCLCQ  |d OCL  |d OCLCS  |d OCLCQ  |d UQ1  |d KSU  |d OCLCQ  |d DLC  |d OCLCQ  |d OCLCF  |d OCLCO  |d OCLCQ  |d GILDS  |d OCLCO  |d AU@  |d VT2  |d CNTRU  |d OCLCO  |d WaSeSS 
042 |a pcc  |a nsdp 
050 1 4 |a PN1009.A1  |b C514 
082 1 0 |a 809  |2 14 
082 0 4 |a 809.89282 
130 0 |a Children's literature (Online) 
222 0 |a Children's literature  |b (Online) 
245 1 0 |a Children's literature  |h [electronic resource]. 
260 |a Baltimore, Md. :  |b Johns Hopkins University Press 
310 |a Annual 
362 1 |a Print began with vol. 1, published in 1972. 
506 |a License restrictions may limit access. 
538 |a Mode of access: World Wide Web. 
588 |a Description based on: Vol. 31, no. 1 (2003); title from journal information screen (FirstSearch, viewed Aug. 26, 2004). 
588 |a Latest issue consulted: Vol. 39 (2011) (Project MUSE website, viewed on July 11, 2011). 
650 0 |a Children's literature  |x History and criticism  |v Periodicals. 
650 6 |a Littérature de jeunesse  |x Histoire et critique  |v Périodiques. 
650 7 |a Children's literature.  |2 fast  |0 (OCoLC)fst01759351 
650 1 7 |a Littérature de jeunesse.  |2 rasuqam 
655 0 |a Electronic journals. 
776 1 |t Children's literature  |x 0092-8208  |w (DLC) 72181256  |w (OCoLC)1783742 
856 4 0 |z Full text available from Research Library: 01/01/1998 to 1 year ago  |u https://search.proquest.com/publication/3463